Statistics for Wreck of the Edmund Fitzgerald lyrics

Click here to take the quiz!

General Stats

  • This quiz has been taken 103 times
  • The average score is 25 of 41

Answer Stats

HintAnswer% Correct
The lake it is said never gives up her ____ ,Dead
92%
when the skies of _______ turn gloomy.November
92%
The legend lives on from the _______ on downChippewa
89%
came the wreck of the _____________.Edmund Fitzgerald
80%
With a load of ______ 26,000 tons more and the Edmund Fitzgerald weighed empty.Iron ore
80%
If they'd put 15 more ____ behind her.Miles
80%
And later that ____ when it's lights when out of sight,Night
76%
"Fellas it's too ____ to feed ya."Rough
74%
The captain wired in he had ____ comin' in,Water
74%
Does anyone know where the love of __ goes when the waves turn the minutes to hours?God
73%
And all that ______ are the faces and the names ofRemains
73%
At _ PM the main hatchway caved in, he said "fellas it's been good to know ya."7
71%
When they left fully loaded for ________.Cleveland
71%
and the good ship and crew were in ____.Peril
71%
The ship was the pride of the ________ side, coming back form some mill in _________.American , Wisconsin
68%
Old Michigan steams like a young mans _____,Dreams
67%
on the big lake they call _______.Gitche Gumee
65%
could it be the ______ wind they'd been feelin'?North
65%
or they might have _______, they may have broke deep and took water.Capsized
64%
The ____ lives on from the Chippewa on down on the big lake they call Gitche Gumee.Legend
62%
in the rooms of her ice water ______.Mansion
62%
When afternoon came it was freezin' ___, in the face of a _______ westwind.Rain, Hurricane
62%
That good ship and true was a bone to be _______ when the gales of November came ______.chewed, early
59%
The ____ bell chimed til' it rang 29 times for each man on the Edmund Fitzgerald.Church
58%
And farther below Lake _____, takes in what Lake ___ can send her.Ontario, Erie
58%
The wind in the wires made a tattle tale _______, and the wave broke over the railing.Sound
58%
______ they said, never gives up her dead when the gales of November came early.Superior
58%
Concluding some terms with a couple of __________Steel firms
56%
The ____ and the ___ and the _______.Wives, Sons, Daughters
56%
As the big ______ go it was bigger than most with a crew and good captain _____________.Freighters, Well seasoned
55%
The islands and bays are for _______.Sportsmen
55%
And later that night when the _______ rang,Ship's bell
50%
When ________came the ol' cook came on deck sayin'Suppertime
45%
And every man knew as the _____ did to "twas the ____ of November come stealin'"Captain, Witch
44%
Lake ____ rolls, Superior ____,Huron, Sings
38%
In a ____ old hall in Detroit they prayedMusty
38%
The ______ all say they'd have made Whitefish Bay,Searchers
36%
They might have _____,Split up
36%
And the iron boats go as the ______ all know with the gales of November remembered.Mariners
35%
In the ________________.Maritime Sailor's Cathedral
30%
The ___ came late and the breakfast had to wait when the gales of November came ______.Dawn, Slashin'
27%

Score Distribution

Percentile by Number Answered

Percent of People with Each Score

Your Score History

You have not taken this quiz